Different Generations of Slang - Statistics

General Stats
  • This quiz has been taken 12 times
  • The average score is 4 of 11
Answer Stats
Generation Definition Answer % Correct
Gen Alpha Short for "charisma" Rizz
90%
Gen Alpha Butt size with a numerical level Gyat
60%
Gen X and Gen Z Eminem (the rapper) Slim Shady
60%
Boomer and Older The Ye|þe
60%
Gen Alpha Pro Sigma
40%
Millennial and Gen Alpha Yes Yas
40%
Gen Alpha Mischievous person or a brainrot cartoon Skibidi
20%
Gen Z, Millennial, Gen Alpha Pretty or A motivational speech Slay
20%
Gen Alpha Noob or a person who is not good at something Beta
10%
Gen Alpha Better Fatter
10%
Boomer and Older Old Olde
10%
No matching quizzes found
Score Distribution
Percent of People with Each Score
Percentile by Number Answered
Your Score History
You have not taken this quiz